Les Simpson - Quiz général #05 - Statistiques

Statistiques générales
  • Ce quiz a été pris 44 fois
  • Le résultat moyen est 3 sur 8
Statistiques - réponses
Question Réponse % Correct
Le vrai prénom de Tahiti Bob est Robert Vrai
67%
Dans quel épisode Les Simpson rencontrent-ils les personnages de Futurama ? Simpsorama
54%
Lequel de ces personnages n'a ni frère ni sœur ?
44%
Quel personnage possède un prénom qui n'est porté par aucun autre personnage de la série ? Hugo Simpson, demi-frère de Bart
36%
Qui a dit : "J'en ai marre de ces saloperies de légumes" ? Todd
33%
En quelle année a eu lieu le premier Jour De La Raclée ? 1924
28%
Qu'est-ce qui n'a pas lieu un jeudi ? Le jour qui se répète dans l'épisode "Triple Erreur"
28%
Quelle proposition est fausse concernant Lucille Botzcowski ? elle n'a jamais été arrêtée
15%
Aucun quiz correspondant
Distribution des résultats
% des personnes avec chaque résultat
Percentile par nombre de réponses
Votre historique - résultats
Vous n’avez pas pris ce quiz